La cuestión de Cuba (Record no. 183764)

MARC details
000 -LEADER
campo de control de longitud fija 00673nam a2200169 i 4500
001 - NÚMERO DE CONTROL
campo de control 183764
003 - IDENTIFICADOR DE NÚMERO DE CONTROL
campo de control ES-MaACL
005 - FECHA Y HORA DE LA ÚLTIMA TRANSACCIÓN
campo de control 20230906221950.0
008 - DATOS DE LONGITUD FIJA--INFORMACIÓN GENERAL
campo de control de longitud fija 141010s1878 sp |||| | spa d
080 ## - NÚMERO DE LA CLASIFICACIÓN DECIMAL UNIVERSAL
Número de la Clasificación Decimal Universal 94(729.1)"1868/78"
100 1# - ENTRADA PRINCIPAL--NOMBRE DE PERSONA
Nombre de persona Navarro, Fabián.
9 (RLIN) 155701
245 13 - MENCIÓN DEL TÍTULO
Título La cuestión de Cuba
Resto del título : origen, carácter, vicisitudes y causas de la prolongación de aquella guerra : memoria político-militar /
Mención de responsabilidad, etc. escrita por un testigo presencial.
260 ## - PUBLICACIÓN, DISTRIBUCIÓN, ETC.
Lugar de publicación, distribución, etc. [S.l.] :
Nombre del editor, distribuidor, etc. [s.n.],
Fecha de publicación, distribución, etc. 1878 (
Lugar de fabricación/manufactura Madrid :
Fabricante Estab. Tip. de A. Bacaycoa)
300 ## - DESCRIPCIÓN FÍSICA
Extensión 204 p. ;
Dimensiones 18 cm.
651 #4 - PUNTO DE ACCESO ADICIONAL DE MATERIA--NOMBRE GEOGRÁFICO
Nombre geográfico Cuba-
Subdivisión general Historia-
Subdivisión cronológica 1868-1878, Guerra de los Diez Años.
9 (RLIN) 8103
852 ## - LOCALIZACIÓN
Ubicación ES-MaACL
Número de control de estantería T-300-F-4
Holdings
Estatus retirado Estado de pérdida Estado de daño No para préstamo Colección Biblioteca de origen Biblioteca actual Ubicación en estantería Fecha de adquisición Fuente de adquisición Total de préstamos Signatura topográfica completa Código de barras Visto por última vez Precio de reemplazo Tipo de ítem Koha
        Colección de folletos Biblioteca del Ateneo de Madrid Biblioteca del Ateneo de Madrid Depósito folletos 10/10/2014     T-300-F-4 1193205 23/02/2023 23/02/2023 Folleto